000 00528nam a2200205Ia 4500
003 GCL
008 140319s9999 xx 000 0 eng d
040 _aGCL /
_cGCL
082 0 4 _a618.1059
_bS A
100 1 _aLING, FRANK W.
245 1 0 _aATLAS OF BENIGN GYNECOLOGIC AND OBSTETRIC SURGERY /
_cLING, FRANK W.
700 1 _aSTOVALL, THOMAS G
260 _a[S.N] :
_bMOSBY-WOLFE ،
_c1995
300 _a326
650 0 4 _aPREGNANCY
650 0 4 _aSURGERY
650 0 4 _aGYNECOLOGY
650 0 4 _aOBSTETRICS
942 _2ddc
_cBK
999 _c25504
_d25504